| 000 | 00737nam a2200265Ia 4500 | ||
|---|---|---|---|
| 008 | 170203s9999 xx 000 0 und d | ||
| 020 | _a9781423106128 | ||
| 050 | _aFic | ||
| 050 | _bH111h | ||
| 100 | _aHapka, Cathy. | ||
| 245 | _aWildcat spirit / | ||
| 245 | _cby Catherine Hapka. | ||
| 260 | _aNew York : | ||
| 260 | _bDisney Press, | ||
| 260 | _c©2007. | ||
| 300 | _a126 pages ; | ||
| 300 | _c20 cm. | ||
| 440 | _aHigh school musical, stories from East High, | ||
| 440 | _v#2. | ||
| 500 | _a"Based on the Disney Channel original movie "High School Musical", written by Peter Barsocchini." | ||
| 650 | _aHigh schools -- | ||
| 650 | _aHigh schools -- | ||
| 650 | _xFiction. | ||
| 650 | _xJuvenile fiction. | ||
| 999 |
_c306451 _d306451 |
||